000 00498nam a2200229Ia 4500
003 OSt
005 20220924142548.0
006 a|||||r|||| 00| 0
007 ta
008 ASM
024 _a302374
037 _cTextual
040 _aARTS
_cARTS
_bASM
041 _2ASM
_aASM
082 _aU8.24.N5, 158L2
100 _aGuha
245 0 _aUttarapath
260 _c1972
650 _aGEOGRAPHY
942 _hU8.24.N5, 158L2
_cTEXL
_2CC
999 _c451095
_d451095